| 000 | 00386nam a2200157 a 4500 | ||
|---|---|---|---|
| 005 | 20140310183235.0 | ||
| 008 | 040709s19uu xx 00 eng d | ||
| 050 |
_aQP 365.5 _b.N277 1997 |
||
| 100 | _aNTTC | ||
| 245 |
_aPeripheral nervous system : _bAP13.3 / _cNTTC. |
||
| 260 | _c1997. | ||
| 300 |
_a44 p. : _c22 cm. |
||
| 942 |
_cBK _2lcc _kLOC |
||
| 999 |
_c20541 _d20541 |
||